Lataa...
Aggression /
| Päätekijä: | |
|---|---|
| Aineistotyyppi: | Printed Book |
| Kieli: | English |
| Julkaistu: |
London :
Univ. of Chicago,
1958.
|
| Sarja: | Scientist's Library: Biology and Medicine. Ed by Peter P H De Bruyn
|
| LEADER | 00500nam a2200133Ia 4500 | ||
|---|---|---|---|
| 008 | 150624b xxu||||| |||| 00| 0 eng d | ||
| 082 | |a 152.4 | ||
| 100 | |a Scott, John Paul | ||
| 245 | |a Aggression / |c John Paul Scott | ||
| 260 | |a London : |b Univ. of Chicago, |c 1958. | ||
| 490 | |a Scientist's Library: Biology and Medicine. Ed by Peter P H De Bruyn | ||
| 942 | |c BK | ||
| 999 | |c 22397 |d 22397 | ||
| 952 | |0 0 |1 0 |4 0 |6 152_400000000000000_SCO_A |7 0 |9 22396 |a UL |b UL |c ST1 |d 1998-08-28 |l 0 |o 152.4 SCO/A |p 33168 |r 2012-10-27 |w 2012-10-27 |y BK | ||